[Event "Winnipeg op"]
[Site "Winnipeg CAN"]
[Date "2026.02.14"]
[Round "1.8"]
[White "Jin, Winston"]
[Black "Punay, Rhailey"]
[Result "0-1"]
[WhiteElo "1792"]
[BlackElo "2017"]
[WhiteFideId "-1"]
[BlackFideId "-1"]
[PlyCount "129"]
[GameId "2285889403318673"]
[EventDate "2026.02.14"]
[EventType "swiss"]
[EventRounds "5"]
[EventCountry "CAN"]

1. e4 c5 2. c3 Nf6 3. e5 Nd5 4. d4 cxd4 5. cxd4 d6 6. f4 Nc6 7. Nc3 dxe5 8. fxe5 Bf5 9. Bd3 Bxd3 10. Qxd3 Ndb4 11. Qd1 Qxd4 12. Nf3 Nd3+ 13. Kd2 Qd7 14. Ke2 Rd8 15. Qb3 Nc5 16. Qc4 Qd3+ 17. Qxd3 Nxd3 18. Nb5 Ndxe5 19. Nxe5 Nxe5 20. Nxa7 e6 21. Bf4 Nd3 22. Bc1 Bc5 23. Nb5 e5 24. Nc3 f5 25. Rb1 O-O 26. Be3 Bxe3 27. Kxe3 Nf4 28. g3 Rd3+ 29. Kf2 Ne6 30. Rbd1 Nc5 31. Rxd3 Nxd3+ 32. Ke2 Nxb2 33. Rb1 Rc8 34. Rxb2 Rxc3 35. Rxb7 Rc2+ 36. Ke3 Rxa2 37. Rb5 f4+ 38. gxf4 exf4+ 39. Kxf4 Rxh2 40. Kg3 Re2 41. Rb8+ Kf7 42. Rb7+ Re7 43. Rb6 Re6 44. Rb7+ Kf6 45. Rb3 g5 46. Kg4 Re4+ 47. Kf3 Rf4+ 48. Kg3 Kg6 49. Rb6+ Rf6 50. Rb7 h5 51. Rb4 Rd6 52. Rb3 h4+ 53. Kg4 Rd4+ 54. Kh3 Kh5 55. Rb5 Rd3+ 56. Kg2 h3+ 57. Kh2 Kh4 58. Rb8 Rd2+ 59. Kh1 g4 60. Rb4 Rf2 61. Rb1 Rf4 62. Kh2 g3+ 63. Kh1 h2 64. Rg1 hxg1=Q+ 65. Kxg1 0-1

[Event "Winnipeg op"]
[Site "Winnipeg CAN"]
[Date "2026.02.14"]
[Round "1.9"]
[White "Bilugan, Mason"]
[Black "Ling, Aiden"]
[Result "1-0"]
[WhiteElo "2005"]
[BlackElo "1771"]
[WhiteFideId "-1"]
[BlackFideId "-1"]
[PlyCount "116"]
[GameId "2285889403318674"]
[EventDate "2026.02.14"]
[EventType "swiss"]
[EventRounds "5"]
[EventCountry "CAN"]

1. e4 c5 2. Nf3 Nc6 3. d4 cxd4 4. Nxd4 e5 5. Nxc6 bxc6 6. Qh5 d6 7. Bc4 g6 8. Qe2 Bg7 9. Nc3 Ne7 10. Bg5 h6 11. Bh4 O-O 12. O-O-O g5 13. Bg3 Kh8 14. Qd2 f5 15. f3 fxe4 16. fxe4 Bg4 17. Be2 Bxe2 18. Qxe2 Qc7 19. Qh5 Rab8 20. h4 Qb6 21. Rd3 Qxb2+ 22. Kd2 gxh4 23. Bxh4 Ng8 24. Rxd6 Qb4 25. Qg6 Nf6 26. Rd3 Rbd8 27. Rb1 Rxd3+ 28. cxd3 Qe7 29. Rf1 Qd6 30. Bxf6 Rxf6 31. Rxf6 Qxf6 32. Qxf6 Bxf6 33. Ne2 Kg7 34. Ng3 Kg6 35. Nf5 Kg5 36. Kc3 h5 37. Kb4 Kg4 38. Kc5 h4 39. Kxc6 h3 40. gxh3+ Kxh3 41. Kd5 Kg4 42. Ne3+ Kf3 43. Ke6 Bh8 44. Nc4 Kf4 45. a4 a6 46. a5 Bg7 47. Kd5 Bf6 48. Nb6 Bh4 49. Nd7 Be1 50. Nxe5 Bxa5 51. Nc4 Bb4 52. e5 a5 53. Nb6 Ke3 54. d4 Bc3 55. Nc4+ Kd3 56. e6 Bb4 57. Nxa5 Bxa5 58. e7 Bc3 1-0

[Event "Winnipeg op"]
[Site "Winnipeg CAN"]
[Date "2026.02.14"]
[Round "1.11"]
[White "Wang, Lucas"]
[Black "Minano, John"]
[Result "1-0"]
[WhiteElo "1946"]
[BlackElo "1711"]
[WhiteFideId "-1"]
[BlackFideId "-1"]
[PlyCount "45"]
[GameId "2285889403322772"]
[EventDate "2026.02.14"]
[EventType "swiss"]
[EventRounds "5"]
[EventCountry "CAN"]

1. d4 f5 2. Bf4 Nf6 3. Nc3 e6 4. e3 Bb4 5. Nf3 O-O 6. Bc4 Bxc3+ 7. bxc3 d6 8. Qd3 h6 9. Rb1 Ne4 10. Nd2 Nxd2 11. Qxd2 Qe7 12. O-O Nd7 13. Rfe1 Nf6 14. f3 d5 15. Bd3 b6 16. c4 dxc4 17. Bxc4 Bb7 18. Qe2 Nd5 19. Rb3 Kh8 20. Be5 a5 21. Bxd5 exd5 22. Rc3 Qd8 23. Rxc7 1-0

[Event "Winnipeg op"]
[Site "Winnipeg CAN"]
[Date "2026.02.14"]
[Round "1.12"]
[White "Limpright, Joshua"]
[Black "Vaughan, Nathan"]
[Result "0-1"]
[WhiteElo "1708"]
[BlackElo "1938"]
[WhiteFideId "-1"]
[BlackFideId "-1"]
[PlyCount "78"]
[GameId "2285889403326869"]
[EventDate "2026.02.14"]
[EventType "swiss"]
[EventRounds "5"]
[EventCountry "CAN"]

1. d4 Nf6 2. Bf4 c5 3. c3 Nd5 4. Bg3 Qb6 5. Qc2 cxd4 6. cxd4 Nc6 7. e3 d6 8. a3 g6 9. Nf3 Bf5 10. e4 Bxe4 11. Qxe4 Qxb2 12. Qxd5 Qxa1 13. Qb3 Bg7 14. d5 Nd4 15. Nxd4 Bxd4 16. Bb5+ Kf8 17. O-O Rc8 18. Bf4 Kg7 19. Qh3 h5 20. Qd7 Bf6 21. Qh3 Qd4 22. Qf3 a6 23. Be3 Qb2 24. Bd3 Rc7 25. Qe2 Rhc8 26. h3 Qe5 27. f4 Qxd5 28. f5 Bd4 29. Kh1 Bxe3 30. Qxe3 Qe5 31. Qf3 Rc1 32. fxg6 Rxf1+ 33. Qxf1 fxg6 34. Nd2 d5 35. Nf3 Qf4 36. g3 Qxg3 37. Ng1 Rf8 38. Qa1+ e5 39. Qb2 Rf2 0-1

[Event "Winnipeg op"]
[Site "Winnipeg CAN"]
[Date "2026.02.14"]
[Round "1.13"]
[White "Zhou, Joe"]
[Black "Lake, Pablo"]
[Result "1-0"]
[WhiteElo "1918"]
[BlackElo "1707"]
[WhiteFideId "-1"]
[BlackFideId "-1"]
[PlyCount "105"]
[GameId "2285889403326870"]
[EventDate "2026.02.14"]
[EventType "swiss"]
[EventRounds "5"]
[EventCountry "CAN"]

1. Nf3 f5 2. c4 g6 3. Nc3 Nf6 4. d4 d6 5. e3 Bg7 6. Bd3 O-O 7. O-O Qe8 8. Qb3 Kh8 9. e4 fxe4 10. Nxe4 Nc6 11. d5 Nxe4 12. Bxe4 Ne5 13. Nxe5 Bxe5 14. Bd2 Rb8 15. Bc3 Bf6 16. Rae1 b5 17. cxb5 Rxb5 18. Qa4 a6 19. Bxf6+ Rxf6 20. Bd3 Bd7 21. Bxb5 Bxb5 22. Qa5 Bxf1 23. Kxf1 Qf7 24. Re2 Rf5 25. Qxc7 Rxd5 26. Qd8+ Qg8 27. Qxg8+ Kxg8 28. Rxe7 Rd2 29. Rb7 d5 30. a3 d4 31. Ke1 Rc2 32. Rd7 Rxb2 33. Rxd4 Kg7 34. g3 h5 35. Rd6 Rb1+ 36. Ke2 Rb2+ 37. Kf1 h4 38. Kg2 hxg3 39. hxg3 Kh6 40. Rxa6 Kg5 41. a4 Ra2 42. a5 Kf5 43. Ra8 Kg4 44. a6 g5 45. a7 Ra3 46. f3+ Rxf3 47. Rh8 Rb3 48. a8=Q Rb2+ 49. Kf1 Rb1+ 50. Ke2 Rb2+ 51. Kd3 Rb3+ 52. Kc4 Rxg3 53. Qe4# 1-0

[Event "Winnipeg op"]
[Site "Winnipeg CAN"]
[Date "2026.02.14"]
[Round "2.1"]
[White "Bilugan, Mason"]
[Black "Gres, Yakiv"]
[Result "0-1"]
[WhiteElo "2005"]
[BlackElo "2174"]
[WhiteFideId "-1"]
[BlackFideId "-1"]
[PlyCount "123"]
[GameId "2285889403330967"]
[EventDate "2026.02.14"]
[EventType "swiss"]
[EventRounds "5"]
[EventCountry "CAN"]

1. e4 e5 2. Nf3 Nc6 3. Bc4 Nf6 4. d3 h6 5. c3 Be7 6. O-O d6 7. Re1 O-O 8. Nbd2 a6 9. Bb3 Be6 10. d4 Bxb3 11. Qxb3 b5 12. Nf1 Re8 13. Ng3 Bf8 14. h3 g6 15. dxe5 Nxe5 16. Nxe5 dxe5 17. Be3 c5 18. Rad1 Qc7 19. c4 Rab8 20. cxb5 axb5 21. Qc2 c4 22. a3 Rec8 23. Bd2 Nd7 24. Bb4 Bxb4 25. axb4 Nb6 26. h4 Qe7 27. h5 Qxb4 28. hxg6 fxg6 29. Re3 Rd8 30. Nf1 Na4 31. b3 Nc5 32. Rxd8+ Rxd8 33. bxc4 bxc4 34. Rg3 Kg7 35. Ne3 Rd2 36. Qxc4 Rd1+ 37. Kh2 Qxc4 38. Nxc4 Nxe4 39. Rf3 Nd2 40. Nxd2 Rxd2 41. Kg3 h5 42. Ra3 Kf6 43. Ra6+ Kf5 44. Ra4 Rd4 45. Ra8 Rg4+ 46. Kh3 Rf4 47. f3 g5 48. Rf8+ Ke6 49. Rd8 g4+ 50. fxg4 hxg4+ 51. Kg3 Ra4 52. Re8+ Kf5 53. Rf8+ Ke4 54. Kxg4 Kd3+ 55. Kg3 e4 56. Rd8+ Ke2 57. Kh2 e3 58. g3 Ra3 59. Kg2 Rd3 60. Re8 Ke1 61. g4 e2 62. g5 0-1

[Event "Winnipeg op"]
[Site "Winnipeg CAN"]
[Date "2026.02.14"]
[Round "2.2"]
[White "Protsiuk, Svitlana"]
[Black "Wang, Lucas"]
[Result "1-0"]
[WhiteElo "2087"]
[BlackElo "1946"]
[WhiteFideId "-1"]
[BlackFideId "-1"]
[PlyCount "84"]
[GameId "2285889403330968"]
[EventDate "2026.02.14"]
[EventType "swiss"]
[EventRounds "5"]
[EventCountry "CAN"]

1. e4 c5 2. c3 d5 3. exd5 Qxd5 4. d4 Nf6 5. Nf3 Bg4 6. dxc5 Qxd1+ 7. Kxd1 e5 8. b4 e4 9. h3 Bxf3+ 10. gxf3 exf3 11. Bb5+ Nc6 12. Re1+ Be7 13. Kc2 Nd5 14. a3 O-O 15. Bxc6 bxc6 16. c4 Bf6 17. cxd5 Bxa1 18. dxc6 Bd4 19. Be3 Rfe8 20. Nd2 Bxe3 21. Rxe3 Rxe3 22. fxe3 f2 23. b5 Kf8 24. c7 Rc8 25. b6 axb6 26. cxb6 Ke7 27. Kd1 Kd7 28. b7 Kxc7 29. bxc8=Q+ Kxc8 30. Ke2 Kb7 31. Kxf2 Ka6 32. Kf3 Kb5 33. Ke4 Ka4 34. Nc4 Kb3 35. Nd6 f6 36. Ne8 Kxa3 37. Nxg7 Kb4 38. Nh5 Kc5 39. Nxf6 h6 40. Ke5 Kc6 41. h4 Kc7 42. e4 h5 1-0

[Event "Winnipeg op"]
[Site "Winnipeg CAN"]
[Date "2026.02.14"]
[Round "2.3"]
[White "Nagelberg, Alan"]
[Black "Baron, Gustav"]
[Result "0-1"]
[WhiteElo "1970"]
[BlackElo "2068"]
[WhiteFideId "-1"]
[BlackFideId "-1"]
[PlyCount "90"]
[GameId "2285889403330969"]
[EventDate "2026.02.14"]
[EventType "swiss"]
[EventRounds "5"]
[EventCountry "CAN"]

1. e4 c5 2. d4 cxd4 3. Qxd4 Nc6 4. Qd3 Nf6 5. Nc3 g6 6. Nf3 d6 7. Be2 Bg7 8. Nd5 O-O 9. O-O Bg4 10. c3 a6 11. h3 Bxf3 12. Qxf3 Ne5 13. Qe3 b5 14. f4 Nc6 15. Rd1 Nxd5 16. exd5 Na5 17. Re1 Re8 18. b4 Nc4 19. Bxc4 bxc4 20. a4 e6 21. dxe6 Rxe6 22. Qd2 Qf6 23. Rxe6 fxe6 24. Bb2 d5 25. Qe3 Rf8 26. Re1 Re8 27. b5 axb5 28. axb5 Bf8 29. Qb6 Qe7 30. Kf1 Qd6 31. Qc6 Qxc6 32. bxc6 Kf7 33. Ra1 Bd6 34. Ke2 Re7 35. Kf3 Rc7 36. Ra6 Ke7 37. Ba3 Bxa3 38. Rxa3 Kd6 39. Ke3 Kxc6 40. Ra6+ Kd7 41. Kd4 Rc6 42. Ra7+ Kd6 43. Rxh7 Rb6 44. Rg7 Rb2 45. Rxg6 Rd2+ 0-1

[Event "Winnipeg op"]
[Site "Winnipeg CAN"]
[Date "2026.02.14"]
[Round "2.4"]
[White "Vaughan, Nathan"]
[Black "Hamm, Gabriel"]
[Result "1-0"]
[WhiteElo "1938"]
[BlackElo "2044"]
[WhiteFideId "-1"]
[BlackFideId "-1"]
[PlyCount "43"]
[GameId "2285889403335066"]
[EventDate "2026.02.14"]
[EventType "swiss"]
[EventRounds "5"]
[EventCountry "CAN"]

{Standard"] } 1. e4 e5 2. Nf3 Nc6 3. Bb5 a6 4. Ba4 Nf6 5. O-O Be7 6. Re1 b5 7. Bb3 d6 8. c3 O-O 9. h3 Nb8 10. d4 Nbd7 11. c4 Bb7 12. Nc3 c6 13. a3 Qc7 14. Be3 Nb6 15. dxe5 dxe5 16. Bxb6 Qxb6 17. Nxe5 Rad8 18. Qc2 Qc5 19. Nxf7 Kxf7 20. e5 bxc4 21. exf6 Bxf6 22. Ne4 1-0

[Event "Winnipeg op"]
[Site "Winnipeg CAN"]
[Date "2026.02.14"]
[Round "2.5"]
[White "Punay, Rhailey"]
[Black "Zhou, Joe"]
[Result "0-1"]
[WhiteElo "2017"]
[BlackElo "1918"]
[WhiteFideId "-1"]
[BlackFideId "-1"]
[PlyCount "64"]
[GameId "2285889403335067"]
[EventDate "2026.02.14"]
[EventType "swiss"]
[EventRounds "5"]
[EventCountry "CAN"]

1. e4 e6 2. d3 c5 3. g3 Nc6 4. Bg2 Bd6 5. Nf3 Nf6 6. O-O Bc7 7. Re1 O-O 8. Nbd2 d5 9. e5 Nd7 10. Qe2 Ndxe5 11. h4 Nxf3+ 12. Nxf3 Bd7 13. c3 Re8 14. d4 cxd4 15. cxd4 Bb6 16. Be3 Rc8 17. Rad1 Nb4 18. Ng5 Qf6 19. Nh3 h6 20. Bf4 Nc2 21. Be5 Qe7 22. Qh5 Nxe1 23. Rxe1 Rc4 24. b3 Rc2 25. Ng5 Rec8 26. Bf1 Rc1 27. Re3 Bb5 28. Rf3 Bxf1 29. Kh2 Be2 30. Bd6 Bxf3 31. Qxf3 Qf6 32. a4 Rg1 0-1

[Event "Winnipeg op"]
[Site "Winnipeg CAN"]
[Date "2026.02.14"]
[Round "2.6"]
[White "Fehr, Brody"]
[Black "Moeez, Abdul"]
[Result "1-0"]
[WhiteElo "2044"]
[BlackElo "1816"]
[WhiteFideId "-1"]
[BlackFideId "-1"]
[PlyCount "105"]
[GameId "2285889403335068"]
[EventDate "2026.02.14"]
[EventType "swiss"]
[EventRounds "5"]
[EventCountry "CAN"]

1. e4 e5 2. Nf3 Nc6 3. Nc3 Bc5 4. Nxe5 Bxf2+ 5. Kxf2 Nxe5 6. d4 Qf6+ 7. Kg1 Ng6 8. Nd5 Qd8 9. Bc4 c6 10. Nc3 d6 11. Be3 N8e7 12. h4 d5 13. Bb3 h5 14. exd5 Nxd5 15. Bg5 f6 16. Qd3 Nge7 17. Bxd5 fxg5 18. Be4 Qd6 19. Re1 Kd8 20. hxg5 g6 21. d5 cxd5 22. Nxd5 Nf5 23. Nf4 Qxd3 24. Bxd3 Rg8 25. Kf2 Bd7 26. Re5 Kc7 27. Bxf5 Bxf5 28. Nxh5 Rh8 29. Ng3 Rxh1 30. Nxh1 Rf8 31. Ke1 Kd6 32. Re2 Bg4 33. Rf2 Re8+ 34. Kd2 Bf5 35. Ng3 Re5 36. Nxf5+ gxf5 37. Rf4 Ke6 38. Kd3 Kf7 39. g4 Kg6 40. Rxf5 Rxf5 41. gxf5+ Kxf5 42. a4 Kxg5 43. Ke4 Kf6 44. Kd5 Ke7 45. a5 Kd7 46. b4 Kc7 47. b5 b6 48. axb6+ Kxb6 49. c4 a5 50. bxa6 Kxa6 51. Kd6 Kb7 52. c5 Kc8 53. Kc6 1-0

[Event "Winnipeg op"]
[Site "Winnipeg CAN"]
[Date "2026.02.14"]
[Round "2.7"]
[White "Moncal, Nilo"]
[Black "Zhang, Nicole"]
[Result "1-0"]
[WhiteElo "2034"]
[BlackElo "1844"]
[WhiteFideId "-1"]
[BlackFideId "-1"]
[PlyCount "41"]
[GameId "2285889403339165"]
[EventDate "2026.02.14"]
[EventType "swiss"]
[EventRounds "5"]
[EventCountry "CAN"]

1. e4 e5 2. Nf3 Nc6 3. d4 exd4 4. Nxd4 Nf6 5. Nxc6 bxc6 6. Bd3 h6 7. e5 Nd5 8. O-O Bc5 9. Qg4 Bf8 10. a3 d6 11. Qe2 Be7 12. c4 Nb6 13. Bf4 O-O 14. Rd1 Re8 15. Qe4 f5 16. exf6 Bxf6 17. Qh7+ Kf8 18. Bg6 Re2 19. Nc3 Bxc3 20. bxc3 Qf6 21. Qh8+ 1-0

[Event "Winnipeg op"]
[Site "Winnipeg CAN"]
[Date "2026.02.14"]
[Round "2.8"]
[White "Bonness, Will"]
[Black "Orcullo, Fernando"]
[Result "0-1"]
[WhiteElo "1890"]
[BlackElo "2018"]
[WhiteFideId "-1"]
[BlackFideId "-1"]
[PlyCount "94"]
[GameId "2285889403339166"]
[EventDate "2026.02.14"]
[EventType "swiss"]
[EventRounds "5"]
[EventCountry "CAN"]

1. e4 c6 2. Nc3 d5 3. Nf3 d4 4. Ne2 c5 5. Ng3 Nc6 6. Bc4 e6 7. O-O g6 8. d3 Bg7 9. Nd2 Nge7 10. f4 O-O 11. Nf3 Bd7 12. a3 Na5 13. Ba2 Rc8 14. Bd2 b5 15. b4 Nb7 16. bxc5 Nxc5 17. Ne2 Nc6 18. Rb1 a6 19. e5 Na4 20. Bb3 f6 21. Bxa4 bxa4 22. Nexd4 Nxd4 23. Nxd4 fxe5 24. fxe5 Rxf1+ 25. Qxf1 Bxe5 26. Nf3 Bf6 27. c4 Bc6 28. Qe2 Qd7 29. Ng5 Re8 30. Ne4 Be5 31. Be3 Bxe4 32. dxe4 Qd6 33. g3 Qxa3 34. c5 Qc3 35. Rc1 Qa5 36. Qd3 Qb5 37. Qc4 a3 38. Bd4 Bxd4+ 39. Qxd4 Qb2 40. Qc3 Rb8 41. c6 Qxc3 42. Rxc3 a2 43. Ra3 Rb1+ 44. Kg2 a1=Q 45. c7 Rb2+ 46. Kh3 Qf1+ 47. Kg4 Rc2 0-1

[Event "Winnipeg op"]
[Site "Winnipeg CAN"]
[Date "2026.02.14"]
[Round "2.9"]
[White "Hui, Zelus"]
[Black "Ghobrial, Youssef"]
[Result "1-0"]
[WhiteElo "1810"]
[BlackElo "1914"]
[WhiteFideId "-1"]
[BlackFideId "-1"]
[PlyCount "97"]
[GameId "2285889403339167"]
[EventDate "2026.02.14"]
[EventType "swiss"]
[EventRounds "5"]
[EventCountry "CAN"]

1. e4 c5 2. Nf3 Nc6 3. d4 cxd4 4. Nxd4 g6 5. Nc3 Bg7 6. Be3 Nf6 7. Bc4 O-O 8. Bb3 Re8 9. Qd2 e6 10. O-O-O d5 11. exd5 exd5 12. Nde2 Be6 13. Nxd5 Ne4 14. Qe1 Bxd5 15. Bxd5 Qf6 16. c3 Rac8 17. Bxe4 Rxe4 18. Ng3 Re6 19. Kb1 Bh6 20. Rf1 Rce8 21. Qd2 Bxe3 22. fxe3 Qh4 23. Qf2 Qe7 24. e4 h5 25. h4 Ne5 26. Qxa7 Qxh4 27. Qf2 R8e7 28. Qe1 Qg5 29. Rd5 h4 30. Ne2 Qxg2 31. Nf4 Qg4 32. Nxe6 Rxe6 33. Rd8+ Kg7 34. Rd1 Nc4 35. Rd4 Rxe4 36. Rxe4 Qxe4+ 37. Qxe4 Nd2+ 38. Kc2 Nxe4 39. Rf4 f5 40. Rxh4 g5 41. Rh2 g4 42. Kd3 Ng5 43. a4 Nf3 44. Rf2 f4 45. Ke4 g3 46. Rxf3 g2 47. Kxf4 g1=Q 48. Rg3+ Qxg3+ 49. Kxg3 1-0

[Event "Winnipeg op"]
[Site "Winnipeg CAN"]
[Date "2026.02.14"]
[Round "2.10"]
[White "Minano, John"]
[Black "Kuryliw, Ray"]
[Result "1/2-1/2"]
[WhiteElo "1711"]
[BlackElo "1894"]
[WhiteFideId "-1"]
[BlackFideId "-1"]
[PlyCount "121"]
[GameId "2285889403339168"]
[EventDate "2026.02.14"]
[EventType "swiss"]
[EventRounds "5"]
[EventCountry "CAN"]

1. Nf3 d5 2. c4 c6 3. cxd5 cxd5 4. Nc3 Nf6 5. d4 g6 6. Bg5 Bg7 7. e3 Nc6 8. Be2 h6 9. Bf4 Nh5 10. Bg3 a6 11. Ne5 Nxg3 12. Nxc6 bxc6 13. hxg3 e5 14. dxe5 Bxe5 15. Rc1 Rb8 16. Qc2 Qb6 17. b3 Qb4 18. O-O Bxc3 19. Qxc3 Qxc3 20. Rxc3 Bb7 21. Rfc1 O-O 22. Rc5 Rfe8 23. Kf1 f5 24. Ra5 Red8 25. Rd1 Kf7 26. Rd4 Ke6 27. Rda4 Ra8 28. Bxa6 Bxa6+ 29. Rxa6 Rxa6 30. Rxa6 Kd6 31. b4 Rb8 32. a3 Kc7 33. Ke2 Kb7 34. Ra5 Kb6 35. Kd3 Re8 36. f3 g5 37. Rc5 h5 38. a4 h4 39. gxh4 gxh4 40. Rc2 Ra8 41. Ra2 Rh8 42. Kd4 h3 43. gxh3 Rxh3 44. f4 Rh1 45. Ke5 Rb1 46. Kxf5 Rxb4 47. Kg6 Rb3 48. Re2 Ka5 49. f5 Kxa4 50. f6 Rb8 51. f7 Kb3 52. Kg7 Kc3 53. Rg2 Kd3 54. Rg3 c5 55. f8=Q Rxf8 56. Kxf8 c4 57. Ke7 c3 58. e4+ Kxe4 59. Rxc3 d4 60. Rc1 d3 61. Re1+ 1/2-1/2

[Event "Winnipeg op"]
[Site "Winnipeg CAN"]
[Date "2026.02.14"]
[Round "2.11"]
[White "Pottinger, Carl"]
[Black "Kim, Sunyo"]
[Result "1-0"]
[Annotator "aboro"]
[WhiteElo "1833"]
[BlackElo "1757"]
[WhiteFideId "-1"]
[BlackFideId "-1"]
[PlyCount "139"]
[GameId "2285889403343265"]
[EventDate "2026.02.14"]
[EventType "swiss"]
[EventRounds "5"]
[EventCountry "CAN"]

1. d4 d5 2. Nf3 e6 3. Bf4 Nf6 4. e3 c5 5. Nbd2 Be7 6. h3 Nc6 7. c3 O-O 8. Bd3 b6 9. O-O Bb7 10. Ne5 h6 11. Qf3 Nxe5 12. Bxe5 Ne8 13. Qe2 Bd6 14. f4 f6 15. Bxd6 Nxd6 16. dxc5 bxc5 17. Rad1 f5 18. Nf3 c4 19. Bb1 Qb6 20. Ne5 Rad8 21. Rd2 Ne4 22. Bxe4 fxe4 23. Rfd1 a5 24. Kf2 Ba6 25. Qg4 Bc8 26. Ke2 Rde8 27. Qh4 Ba6 28. Nd7 Qd6 29. Nxf8 Rxf8 30. Qh5 Qe7 31. g4 Bb5 32. g5 Rf5 33. h4 Be8 34. Qg4 h5 35. Qg3 Qc5 36. Rf1 Bg6 37. Kd1 Rf8 38. Kc1 a4 39. a3 Qb6 40. Qe1 Rb8 41. Kb1 d4 42. cxd4 c3 43. Rc2 cxb2 44. Qc3 Qa6 45. Rff2 Be8 46. Rxb2 Rc8 47. Qd2 Bb5 48. Qd1 Rc3 49. Rxb5 Qxb5+ 50. Rb2 Qd3+ 51. Qxd3 Rxd3 52. g6 Kf8 53. Rb8+ Ke7 54. Kb2 Kf6 55. Rb4 Rxe3 56. Rxa4 Rf3 57. Ra8 e3 58. Kc2 e2 59. Kd2 Kxg6 60. Kxe2 Rxf4 61. Ke3 Rxh4 62. a4 Rh3+ 63. Ke4 Kf7 64. a5 g5 65. a6 Ra3 66. a7 h4 67. Rh8 h3 68. a8=Q Rxa8 69. Rxa8 Kf6 70. Rh8 1-0

[Event "Winnipeg op"]
[Site "Winnipeg CAN"]
[Date "2026.02.14"]
[Round "2.12"]
[White "Lake, Pablo"]
[Black "Jin, Winston"]
[Result "0-1"]
[WhiteElo "1707"]
[BlackElo "1792"]
[WhiteFideId "-1"]
[BlackFideId "-1"]
[PlyCount "112"]
[GameId "2285889403343266"]
[EventDate "2026.02.14"]
[EventType "swiss"]
[EventRounds "5"]
[EventCountry "CAN"]

1. e4 c5 2. Nc3 e6 3. f4 d5 4. Nf3 Nc6 5. Bb5 Nge7 6. O-O a6 7. Bxc6+ Nxc6 8. d3 Be7 9. Bd2 b5 10. Ne5 Nxe5 11. fxe5 b4 12. Ne2 dxe4 13. Ng3 exd3 14. Qf3 Qd5 15. Qxf7+ Kd7 16. Bg5 Re8 17. Nf5 Bb7 18. Rf3 dxc2 19. Nxe7 Qd4+ 20. Kh1 Rf8 21. Nf5+ Rxf7 22. Nxd4 Bxf3 23. Nxf3 Kc6 24. Rc1 Rd7 25. Rxc2 Rd1+ 26. Ng1 Re1 27. Bd2 Re4 28. Nf3 Rd8 29. Kg1 h6 30. h4 Rf8 31. a3 a5 32. axb4 axb4 33. b3 Ra8 34. Kf2 Kb5 35. Be3 c4 36. bxc4+ Rxc4 37. Nd4+ Rxd4 38. Bxd4 b3 39. Rc7 Ka6 40. Rxg7 Rd8 41. Ke3 Rxd4 42. Kxd4 b2 43. Rg6 b1=Q 44. Rxe6+ Kb7 45. Rd6 Qb2+ 46. Kd5 Qxg2+ 47. Ke6 Qg4+ 48. Kf7 Qxh4 49. Rd7+ Kc6 50. e6 Qg4 51. Ke7 h5 52. Rd8 Qg7+ 53. Ke8 h4 54. Rd7 Qf6 55. Rf7 Qxe6+ 56. Kf8 Qxf7+ 0-1

[Event "Winnipeg op"]
[Site "Winnipeg CAN"]
[Date "2026.02.14"]
[Round "2.13"]
[White "Ling, Aiden"]
[Black "Limpright, Joshua"]
[Result "1-0"]
[WhiteElo "1771"]
[BlackElo "1708"]
[WhiteFideId "-1"]
[BlackFideId "-1"]
[PlyCount "107"]
[GameId "2285889403347363"]
[EventDate "2026.02.14"]
[EventType "swiss"]
[EventRounds "5"]
[EventCountry "CAN"]

1. e4 c6 2. Nf3 d5 3. d3 Bg4 4. h3 Bh5 5. Be2 e6 6. O-O Nd7 7. Nc3 Bd6 8. Re1 Bxf3 9. Bxf3 d4 10. Nb1 Ne7 11. b3 Ng6 12. Nd2 Bb4 13. a3 Qa5 14. Nc4 Bxe1 15. Nxa5 Bxa5 16. b4 Bc7 17. Rb1 O-O 18. b5 c5 19. g3 e5 20. Bd2 Nb6 21. Bg2 Rac8 22. Qf1 Bd6 23. f4 f6 24. f5 Nh8 25. Ra1 c4 26. a4 c3 27. Bc1 Nf7 28. a5 Nd7 29. Ba3 Bxa3 30. Rxa3 Nd6 31. Qb1 Rc5 32. Rb3 a6 33. bxa6 bxa6 34. Qa2 Kh8 35. Rb1 Nb5 36. Qe6 Rc7 37. Qxa6 Na3 38. Qd6 Nxb1 39. Qxc7 Nb8 40. Qc5 Rg8 41. g4 h6 42. Qb5 Nd2 43. a6 Nxa6 44. Qxa6 Rf8 45. h4 Kg8 46. Qe6+ Kh7 47. g5 hxg5 48. hxg5 Kh8 49. Qe7 Kg8 50. g6 Rb8 51. Kf2 Kh8 52. Kg3 Rg8 53. Qa7 Rf8 54. Qa1 1-0

[Event "Winnipeg op"]
[Site "Winnipeg CAN"]
[Date "2026.02.15"]
[Round "3.1"]
[White "Gres, Yakiv"]
[Black "Vaughan, Nathan"]
[Result "1-0"]
[WhiteElo "2068"]
[BlackElo "2087"]
[WhiteFideId "-1"]
[BlackFideId "-1"]
[PlyCount "77"]
[GameId "2285889403347364"]
[EventDate "2026.02.14"]
[EventType "swiss"]
[EventRounds "5"]
[EventCountry "CAN"]

1. b3 e5 2. Bb2 Nc6 3. e3 d5 4. Bb5 Nge7 5. Nf3 e4 6. Ne5 a6 7. Qh5 Be6 8. Bxc6+ Nxc6 9. Nxc6 bxc6 10. O-O Bd6 11. Bxg7 Rg8 12. Qxh7 Kd7 13. Qh6 Rxg7 14. Qxg7 Qh4 15. g3 Qh5 16. f4 exf3 17. d4 Qh3 18. Rf2 Rh8 19. Nd2 Rh7 20. Qf6 Bxg3 21. Nxf3 Rh6 22. Qg5 Rg6 23. Qxg3 Rxg3+ 24. hxg3 Qxg3+ 25. Kf1 Bh3+ 26. Ke2 Bg4 27. Raf1 Qd6 28. Kd3 Bxf3 29. Rxf3 Qa3 30. Rxf7+ Kc8 31. Rg1 Qxa2 32. Rgg7 Qb1 33. Rxc7+ Kb8 34. Rcf7 Qd1+ 35. Kc3 Qa1+ 36. Kd2 Qa5+ 37. Ke2 Qb5+ 38. c4 Qb4 39. Rg8+ 1-0

[Event "Winnipeg op"]
[Site "Winnipeg CAN"]
[Date "2026.02.15"]
[Round "3.2"]
[White "Baron, Gustav"]
[Black "Protsiuk, Svitlana"]
[Result "1-0"]
[WhiteElo "2068"]
[BlackElo "2087"]
[WhiteFideId "-1"]
[BlackFideId "-1"]
[PlyCount "147"]
[GameId "2285889403347365"]
[EventDate "2026.02.14"]
[EventType "swiss"]
[EventRounds "5"]
[EventCountry "CAN"]

1. Nf3 g6 2. d4 Nf6 3. Bg5 Bg7 4. c3 d6 5. Nbd2 h6 6. Bh4 g5 7. Bg3 Nh5 8. e3 Nd7 9. Bc4 Nxg3 10. hxg3 e5 11. Ne4 Qe7 12. Ned2 exd4 13. cxd4 Nb6 14. Be2 Bd7 15. a4 a5 16. Qc2 Bc6 17. b3 Nd5 18. Nc4 O-O 19. O-O f5 20. Qd2 b6 21. Rac1 Bb7 22. Na3 Nb4 23. Nc2 c5 24. Nxb4 axb4 25. Bc4+ Kh8 26. Rfd1 Rad8 27. Bb5 Bd5 28. Bc4 Bxc4 29. Rxc4 d5 30. Rc2 Rd7 31. Rdc1 Rc8 32. Qd3 Qe6 33. Qa6 Rd6 34. Qb5 g4 35. Nh4 Rdc6 36. a5 Bf8 37. a6 Qd7 38. Ng6+ Kg7 39. Ne5 Qc7 40. Nxc6 Qxc6 41. Qxc6 Rxc6 42. a7 Rc8 43. Ra2 Ra8 44. Ra6 Kf7 45. Rca1 c4 46. Rxb6 cxb3 47. Rb8 b2 48. Rb7+ Ke6 49. Rb1 Bd6 50. Rxb2 h5 51. Ra2 Be7 52. Ra6+ Bd6 53. Rxb4 Rxa7 54. Rxa7 Bxb4 55. Ra6+ Bd6 56. Ra7 Be7 57. Kf1 Bg5 58. Ke2 h4 59. gxh4 Bxh4 60. g3 Be7 61. Kd3 Bb4 62. Ra2 Kd6 63. Ra6+ Ke7 64. Rh6 Be1 65. Ke2 Bb4 66. f3 gxf3+ 67. Kxf3 Ba5 68. Ra6 Bc3 69. Kf4 Be1 70. Ra1 Bc3 71. Rc1 Bd2 72. Rd1 Ba5 73. Kxf5 Bc7 74. g4 1-0

[Event "Winnipeg op"]
[Site "Winnipeg CAN"]
[Date "2026.02.15"]
[Round "3.3"]
[White "Zhou, Joe"]
[Black "Hui, Zelus"]
[Result "1-0"]
[WhiteElo "1918"]
[BlackElo "1810"]
[WhiteFideId "-1"]
[BlackFideId "-1"]
[PlyCount "91"]
[GameId "2285889403351462"]
[EventDate "2026.02.14"]
[EventType "swiss"]
[EventRounds "5"]
[EventCountry "CAN"]

1. Nf3 e6 2. c4 f5 3. Nc3 Nf6 4. d4 Bb4 5. e3 O-O 6. Bd3 Ne4 7. Bd2 Nxd2 8. Qxd2 b6 9. a3 Bxc3 10. Qxc3 Bb7 11. b4 Qf6 12. c5 Qg6 13. Bf1 Bxf3 14. gxf3 c6 15. Bd3 b5 16. Ke2 Na6 17. a4 Nc7 18. axb5 Nxb5 19. Bxb5 cxb5 20. Ra5 f4 21. e4 Rfb8 22. Rha1 Rb7 23. Qd3 Qf6 24. e5 Qf5 25. Qe4 Qxe4+ 26. fxe4 Kf7 27. Kf3 g5 28. d5 Kg6 29. Ra6 Kf7 30. c6 dxc6 31. Rxc6 Re8 32. d6 Rd8 33. Rac1 Rdd7 34. Kg4 h6 35. Kh5 a5 36. bxa5 b4 37. a6 Ra7 38. Rb1 Ra8 39. Rxb4 Rad8 40. Rb7 Ke8 41. Rcc7 g4 42. Rxd7 Rxd7 43. Rxd7 Kxd7 44. a7 g3 45. hxg3 fxg3 46. fxg3 1-0